Thompson v Elmbridge BC (Record no. 6666)
[ view plain ]
| 000 -LEADER | |
|---|---|
| fixed length control field | 01411cab a2200193 4500 |
| 001 - CONTROL NUMBER | |
| control field | ABS38433 |
| 008 - FIXED-LENGTH DATA ELEMENTS--GENERAL INFORMATION | |
| fixed length control field | 090401t1987 xxu||||| |||| 00| 0 eng d |
| 035 ## - SYSTEM CONTROL NUMBER | |
| System control number | (Sirsi) u10544 |
| 041 ## - LANGUAGE CODE | |
| Language code of text/sound track or separate title | eng |
| 245 ## - TITLE STATEMENT | |
| Title | Thompson v Elmbridge BC |
| 260 ## - PUBLICATION, DISTRIBUTION, ETC. | |
| Date of publication, distribution, etc. | 1987 |
| 350 ## - PRICE (NR) (BK AM CF MU VM SE) [OBSOLETE] | |
| Price | 0 |
| 490 ## - SERIES STATEMENT | |
| Series statement | Weekly Law Reports |
| Volume/sequential designation | (1987) 1 WLR 1425-1432(8) |
| 520 ## - SUMMARY, ETC. | |
| Summary, etc. | CA 14 July 1987 The tenancy of a dwelling-house had been granted to the applicant`s wife by the local authority and it was a secure tenancy for the purposes of Housing Act 1985 . The wife fell into rent arrears and a possession order was obtained against her and suspended, subject to payment of rent and arrears. Eventually she left the premises because of matrimonial problems having permitted arrears to accumulate so as to be in breach of the court order The applicant then applied to have the tenancy transferred to himself under Matrimonial Homes Act 1983 . The cc refused the application and the applicant appealed. CA upheld the cc`s decision, stating that a suspended possession order postponing possession so long as the tenant paid a weekly amount for rent and arrears, operated to terminate a secure tenancy when the tenant defaulted on making one payment. Accordingly, no secure tenancy existed to be passed on the applicant. |
| 650 ## - SUBJECT ADDED ENTRY--TOPICAL TERM | |
| Topical term or geographic name entry element | TRANSFER |
| 690 ## - LOCAL SUBJECT ADDED ENTRY--TOPICAL TERM (OCLC, RLIN) | |
| Topical term or geographic name as entry element | LANDLORD AND TENANT-CASE LAW-RESIDENTIAL TENANCIES |
| 942 ## - ADDED ENTRY ELEMENTS (KOHA) | |
| Suppress in OPAC | 0 |
| 948 ## - LOCAL PROCESSING INFORMATION (OCLC); SERIES PART DESIGNATOR (RLIN) | |
| c (OCLC) | 04/03/1997 |
| Withdrawn status | Lost status | Source of classification or shelving scheme | Damaged status | Not for loan | Home library | Current library | Shelving location | Date acquired | Total Checkouts | Full call number | Barcode | Date last seen | Copy number | Price effective from | Koha item type |
|---|---|---|---|---|---|---|---|---|---|---|---|---|---|---|---|
| Dewey Decimal Classification | London | London | Journal article | 14/09/1999 | ABS38433 | 10544-1001 | 06/08/2019 | 1 | 06/08/2019 | Law report |